00929cam a2200253 45000010005000000030008000050050017000130080041000300200061000710350018001320400032001500410008001820820020001901000038002102450057002482600040003053000026003455000076003715040020004476500024004679420012004919990015005039520157005187939BD-RjUL20211208234510.0140116s1973 cau 001 0 eng d a0816210748 (main work)a0816210845 (Instructor's manual) a(BD-RjUL)7983 aDLCcDLCdICUdBD-RjULbeng aeng00a512.1bBOM 19731 aBower, Julia Wells,d1903-92478210aMathematics, a creative art. /cby Julia Wells Bower aSan Francisco :bHolden-Day,c1973. axvi, 315 p. ;c24 cm. a"Instructor's manual with answers and hints": 62 p. inserted in pocket. aIncludes index. 0aMathematics.924783 2ddccBK c7939d7939 00102ddc40718NFICaRUCLbRUCLcreadingd1982-06-23eStandard Pub. Ltd, Rajshahig334.00l0o512.1 BOM 1973r2014-01-16 00:00:00tC-1w2014-01-16yBK